<?xml version="1.0" encoding="UTF-8"?>
<marc:record xmlns:marc="http://www.loc.gov/MARC21/slim">
   <marc:leader>00000nam a2200000 a 4500</marc:leader>
   <marc:datafield ind1="1" ind2=" " tag="100">
      <marc:subfield code="a">DVD</marc:subfield>
      <marc:subfield code="4">aut</marc:subfield>
      <marc:subfield code="e">Verfasser/-in</marc:subfield>
   </marc:datafield>
   <marc:datafield ind1="1" ind2=" " tag="100">
      <marc:subfield code="a">Gudmestad, Lars :</marc:subfield>
   </marc:datafield>
   <marc:datafield ind1="1" ind2=" " tag="100">
      <marc:subfield code="a">Klerck-Nilssen, Marte :</marc:subfield>
   </marc:datafield>
   <marc:datafield ind1="1" ind2=" " tag="100">
      <marc:subfield code="a">Kongsvik Johansen, Lene :</marc:subfield>
   </marc:datafield>
   <marc:datafield ind1="1" ind2=" " tag="100">
      <marc:subfield code="a">Brungot, John :</marc:subfield>
   </marc:datafield>
   <marc:datafield ind1="1" ind2=" " tag="100">
      <marc:subfield code="a">Prøysen, Alf :</marc:subfield>
   </marc:datafield>
   <marc:datafield ind1=" " ind2=" " tag="653">
      <marc:subfield code="a">Weihnachten</marc:subfield>
   </marc:datafield>
   <marc:datafield ind1=" " ind2=" " tag="653">
      <marc:subfield code="a">DVD</marc:subfield>
   </marc:datafield>
   <marc:datafield ind1="0" ind2="0" tag="245">
      <marc:subfield code="a">Ein Weihnachtsfest für Teddy</marc:subfield>
   </marc:datafield>
   <marc:datafield ind1="0" ind2="0" tag="245">
      <marc:subfield code="c">basierend auf einem Lied von Alf Prøysen ; [Darsteller:] John Brungot, Lene Kongsvik Johansen, Marte Klerck-Nilssen [und weitere] ; Drehbuch Lars Gudmestad [und 1 weiterer] ; Regie Andrea Eckerbom</marc:subfield>
   </marc:datafield>
   <marc:datafield ind1=" " ind2="1" tag="264">
      <marc:subfield code="a">Ahrensfelde</marc:subfield>
      <marc:subfield code="b">Capelight Pictures</marc:subfield>
      <marc:subfield code="c">2023</marc:subfield>
   </marc:datafield>
   <marc:datafield ind1="1" ind2=" " tag="520">
      <marc:subfield code="a">Das Weihnachtsfest steht vor der Tür und Teddy spürt ganz deutlich, dass heute etwas Besonderes passieren wird. Der putzige Bär, der auf dem obersten Regal einer Losbude sitzt, wünscht sich nichts sehnlicher, als die Welt zu entdecken. Doch dafür braucht das wählerische Kuscheltier einen Besitzer. Reich soll er sein, und bloß kein Kind wie die achtjährige Mariann, die ihn sich von Herzen wünscht. Heimlich manipuliert Teddy das Glücksrad, damit ihn ein Mann mit viel Geld gewinnt. Doch statt die Welt zu sehen, findet er sich kurz darauf in einer dunklen Scheune wieder. Dort zeigt ihm Plüschigel Bolla, was im Leben wirklich wichtig ist: Freundschaft und Familie. Wenn es Teddy gelingt, die kleine Mariann ausfindig zu machen, könnte dieses Weihnachtsfest doch noch das schönste aller Zeiten werden. (Verlagstext)</marc:subfield>
   </marc:datafield>
   <marc:datafield ind1="3" ind2=" " tag="024">
      <marc:subfield code="a">4042564227857</marc:subfield>
   </marc:datafield>
   <marc:datafield ind1=" " ind2=" " tag="500">
      <marc:subfield code="a">Spielfilm. Norwegen. 2022</marc:subfield>
   </marc:datafield>
   <marc:datafield ind1="0" ind2=" " tag="490">
      <marc:subfield code="v">0</marc:subfield>
   </marc:datafield>
   <marc:datafield ind1=" " ind2=" " tag="300">
      <marc:subfield code="a">1 DVD-Video (75 min) : farbig</marc:subfield>
   </marc:datafield>
</marc:record>
